000 00581nam a2200229 a 4500
001 nice12345678
003 IN_TiNIC
005 20260116011526.0
008 070709s0000 seca grp 000 0 eng
020 _a
_c1
082 0 0 _a297.63
_bANJ
100 _aAnjuman-E-tarraqi Islam,
245 _aVindication of the Prophet of Islam
260 _aSecunderabad
_bNo Publisher
_c0000
300 _a28p
500 _aincludes index and biblioraphy
650 _aMuhammad, Prophet
700 1 _aAnjuman-E-tarraqi Islam,
902 _bSRS
942 _cBK
999 _c2313
_d2313